000
00383nam a2200133Ia 4500
008
100328s9999 xx 000 0 und d
082
_b
50005
100
_a
मंगळवेढेकर राजा
245
_a
सिध्दार्थ
260
_b
उत्कर्ष
630
_a
सिध्दार्थ
730
_a
सिध्दार्थ
942
_c
BOOK
999
_c
537231
_d
537228